000 01535nam a2200253 i 4500
001 20126
003 ES-MaACL
005 20230906152235.0
007 t|
008 021129m19901995sp |||| | spa d
020 _a84-249-1422-8
080 _a821.124-54"00"
100 1 _aCicerón, Marco Tulio.
_938748
245 1 0 _aDiscursos /
_cM. Tulio Cicerón ; introducción general de Miguel Rodríguez-Pantoja Márquez ; introducción, traducción y notas de José María Requejo Prieto.
260 _aMadrid :
_bGredos,
_c1990-1995.
300 _a5 v. ;
_c20 cm.
490 1 _aBiblioteca clásica Gredos ;
_v139, 140, 152, 195, 211
505 8 _aContiene: 1. Verrinas, Discurso contra Q. Cecilio. Primera sesión, segunda sesión (discursos 1 y 2) -- 2. Verrinas, Segunda sesión (discursos 3-4) -- 3. En defensa de P. Quincio. En defensa de Q. Roscio, el cómico. En defensa de A. Cecina. Acerca de la ley agraria. En defensa de L. Flaco. En defensa de M. Celio. -- 4. En agradecimiento al senado. En agradecimiento al pueblo. Sobre la casa. Sobre la respuesta de los arúspices. En defensa de P. Sestio. Contra P. Vatinio. En defensa de T. Anio Milón. -- 5. En defensa de Sexto Roscio Amerino. En defensa de la ley Manilia. En defensa de Aulo Cluencio. Catilinarias. En defensa de Lucio Murena
700 1 _aRodríguez-Pantoja Márquez, Miguel.
_998719
700 1 _aRequejo, J. M.
_996281
830 0 _aBiblioteca clásica Gredos ;
_v139, 140, 152, 195, 211
_9177556
852 _aES-MaACL
_jL-26061-65
999 _c20126
_d20126